La planta de trigo (Record no. 41287)

MARC details
000 -LEADER
campo de control de longitud fija 01175nam a2200265 i 4500
001 - NÚMERO DE CONTROL
campo de control 41287
003 - IDENTIFICADOR DE NÚMERO DE CONTROL
campo de control ES-MaACL
005 - FECHA Y HORA DE LA ÚLTIMA TRANSACCIÓN
campo de control 20260210163242.0
007 - CAMPO FIJO DE DESCRIPCIÓN FÍSICA--INFORMACIÓN GENERAL
campo de control de longitud fija t|
008 - DATOS DE LONGITUD FIJA--INFORMACIÓN GENERAL
campo de control de longitud fija 030310s1950 sp ||||1| spa d
100 1# - ENTRADA PRINCIPAL--NOMBRE DE PERSONA
Nombre de persona Carvalho Vasconcellos, J. de.
9 (RLIN) 35969
245 13 - MENCIÓN DEL TÍTULO
Título La planta de trigo
Resto del título : morfología y fisiología /
Mención de responsabilidad, etc. J. de Carvalho Vasconcellos ; versión española ampliada por R. Téllez Molina.
260 ## - PUBLICACIÓN, DISTRIBUCIÓN, ETC.
Lugar de publicación, distribución, etc. Madrid :
Nombre del editor, distribuidor, etc. [s.n.,
Fecha de publicación, distribución, etc. 1950] (
Fabricante Imp. Artística)
300 ## - DESCRIPCIÓN FÍSICA
Extensión XI, 201 p., 1 lám. :
Otras características físicas il. ;
Dimensiones 24 cm.
500 ## - NOTA GENERAL
Nota general Precede al tít.: Instituto Nacional de Investigaciones Agronómicas.
510 ## - NOTA DE CITAS O REFERENCIAS BIBLIOGRÁFICAS
Nombre de la fuente CCPB,
Localización dentro de la fuente 000956807-7.
650 #7 - PUNTO DE ACCESO ADICIONAL DE MATERIA--TÉRMINO DE MATERIA
9 (RLIN) 136958
Término de materia o nombre geográfico como elemento de entrada Trigo
700 1# - ENTRADA AGREGADA--NOMBRE PERSONAL
Nombre de persona Téllez Molina, Ricardo.
9 (RLIN) 109644
710 ## - ENTRADA AGREGADA--NOMBRE DE ENTIDAD CORPORATIVA
Nombre de entidad corporativa o nombre de jurisdicción como elemento de entrada Instituto Nacional de Investigaciones Agronómicas
Sede del congreso/Lugar de la reunión (España)
9 (RLIN) 219222
852 ## - LOCALIZACIÓN
Ubicación ES-MaACL
Número de control de estantería D-6514
Sublocalización o colección R.31020
-- R.M.6105
itemnumber 42806
Ubicación en estantería Sala Valle Inclán
Marcas de propiedad Sello en tinta azul de la Biblioteca del Ateneo de Madrid.
condición física El libro no tiene lomo.
942 ## - ELEMENTOS DE ENTRADA SECUNDARIOS (KOHA)
Fuente del sistema de clasificación o colocación Clasificación decimal universal
Tipo de ítem Koha Libro impreso
Holdings
Estatus retirado Estado de pérdida Estado de daño No para préstamo Biblioteca de origen Biblioteca actual Ubicación en estantería Fecha de adquisición Fuente de adquisición Total de préstamos Signatura topográfica completa Código de barras Visto por última vez Precio de reemplazo Tipo de ítem Koha
        Biblioteca del Ateneo de Madrid Biblioteca del Ateneo de Madrid Sala Valle Inclán 17/01/2008     D-6514 901043466 23/02/2023 23/02/2023 Libro impreso